| 000 | 01102nam a22003497a 4500 | ||
|---|---|---|---|
| 003 | DO-SdBNP | ||
| 005 | 20230222071531.0 | ||
| 008 | 060721 2010 sp spa | ||
| 017 |
_a _b |
||
| 020 | _a9788498006803 | ||
| 035 | _a | ||
| 040 |
_aBPMSU _bspa _cBPMSU _e |
||
| 082 |
_a813.5 _bC346c 2010 _222 |
||
| 092 |
_a _b _2 |
||
| 100 |
_aCast, P. C. _d1960- _q |
||
| 245 | 1 | 0 |
_aLa casa de la noche: _b Abrasada / _cP. C. Cast, Kristin Cast ; traducción Laura Rodríguez Manso _h |
| 260 |
_aMadrid : _bPandora, _c2010 _e _f |
||
| 300 |
_a283 p. ; _c24 cm. |
||
| 490 | 0 |
_aLa casa de la noche, _v7 |
|
| 500 | _3Incluye datos biográficos del autor en la solapa de la cubierta | ||
| 534 |
_aTítulo original : _tBurned. |
||
| 590 | _6Inventariado, 2021/VM | ||
| 650 | _2NOVELA INGLESA | ||
| 650 | 4 | _2MAGIA - NOVELA | |
| 650 | 4 | _aNovela estadounidense. | |
| 650 | 4 |
_aVampiros _vNovela. |
|
| 700 | 1 |
_aCast, Kristin _d1986- _etr. |
|
| 700 | 1 |
_aRodríguez Manso, Laura _etraductor |
|
| 910 | _aVMateo V. Control de calidad (BPMSU) | ||
| 942 |
_2ddc _cBK |
||
| 980 |
_a _a _b _j _c |
||
| 999 |
_c12771 _d12771 |
||